<?xml version="1.0" encoding="UTF-8"?>
<collection xmlns="http://www.loc.gov/MARC21/slim">
 <record>
  <leader>     na                 </leader>
  <controlfield tag="001">INLIS000000000008559</controlfield>
  <controlfield tag="005">20221109110842</controlfield>
  <datafield tag="035" ind1=" " ind2=" ">
   <subfield code="a">0010-0520008559</subfield>
  </datafield>
  <controlfield tag="008">221109                |          | eng  </controlfield>
  <datafield tag="020" ind1=" " ind2=" ">
   <subfield code="a">070061447-8</subfield>
  </datafield>
  <datafield tag="041" ind1=" " ind2=" ">
   <subfield code="a">eng</subfield>
  </datafield>
  <datafield tag="082" ind1=" " ind2=" ">
   <subfield code="a">347.73</subfield>
  </datafield>
  <datafield tag="084" ind1=" " ind2=" ">
   <subfield code="a">347.73 ROS a</subfield>
  </datafield>
  <datafield tag="100" ind1="0" ind2=" ">
   <subfield code="a">Rossum, Ralph A.</subfield>
  </datafield>
  <datafield tag="245" ind1="1" ind2=" ">
   <subfield code="a">Antonin Scalia's Jurisprudence :</subfield>
   <subfield code="b">Text and Tradition /</subfield>
   <subfield code="c">Ralph A. Rossum</subfield>
  </datafield>
  <datafield tag="260" ind1=" " ind2=" ">
   <subfield code="a">Kansas :</subfield>
   <subfield code="b">Routledge,</subfield>
   <subfield code="c">2006</subfield>
  </datafield>
  <datafield tag="300" ind1=" " ind2=" ">
   <subfield code="a">ix, 281p.; 23cm. ;</subfield>
   <subfield code="c">23cm.</subfield>
  </datafield>
  <datafield tag="500" ind1=" " ind2=" ">
   <subfield code="a">Indeks : Index</subfield>
  </datafield>
  <datafield tag="520" ind1=" " ind2=" ">
   <subfield code="a">This book is the comprehensive, reasoned, and sympathetic analysis of how Scalia has decided cases during his entire nineteen-year Supreme Court tenure. Ralph Rossum focuses on Scalia more than 600 Supreme court opinions and dissent carefully wrought, passionately argued, and filled with well-turned phrases which portray him as an eloquent defender of an original meaning jurisprudence. He also includes analyses of Scalias Court of Appeals opinions for the D.C. Circuit, his major law review articles as a law professor and judge, and his proactive book, A Matter of Interpretation. Rossum reveals Scalias understanding of key issues confronting todays Court, such as the separation of powers, federalism, the free speech and press and religion clauses of the fourteenth amandement. He suggests that Scalias displays such a keen interest in defending federalism that he sometimes departs from text and tradition and reveals that he has disagreed with other justices most often in decisions involving the meaning of the First Amandements establishment clause. He also analyzes Scalias positions on the Commerce Clause and Habeas Corpus Clause of Article II, the criminal procedural provisions of Amendments Four through Eight, protection of state sovereign immunity in the Eleventh Amendment, and Congress enforcement power under section 5 of the Fourteenth Amendment.</subfield>
  </datafield>
  <datafield tag="650" ind1=" " ind2="4">
   <subfield code="a">1. Scali, Antonia</subfield>
  </datafield>
  <datafield tag="650" ind1=" " ind2="4">
   <subfield code="a">2. United Stated, supremen Court  - Biography</subfield>
  </datafield>
  <datafield tag="650" ind1=" " ind2="4">
   <subfield code="a">3. Constitutional Law - US - Interpretation and Construction</subfield>
  </datafield>
  <datafield tag="990" ind1=" " ind2=" ">
   <subfield code="a">06898/MKRI-P/XII-2007</subfield>
  </datafield>
  <datafield tag="990" ind1=" " ind2=" ">
   <subfield code="a">20619/MKRI-P/III-2011</subfield>
  </datafield>
  <datafield tag="990" ind1=" " ind2=" ">
   <subfield code="a">06898/MKRI-P/XII-2007</subfield>
  </datafield>
  <datafield tag="990" ind1=" " ind2=" ">
   <subfield code="a">20619/MKRI-P/III-2011</subfield>
  </datafield>
  <datafield tag="990" ind1=" " ind2=" ">
   <subfield code="a">20619/MKRI-P/III-2011</subfield>
  </datafield>
  <datafield tag="990" ind1=" " ind2=" ">
   <subfield code="a">06898/MKRI-P/XII-2007</subfield>
  </datafield>
 </record>
</collection>
